Artesian conditions in northeastern South Dakota. (Record no. 29002)
[ view plain ]
| 000 -LEADER | |
|---|---|
| fixed length control field | 00935cam a22002771 4500 |
| 001 - CONTROL NUMBER | |
| control field | gs 55000333 |
| 003 - CONTROL NUMBER IDENTIFIER | |
| control field | DLC |
| 005 - DATE AND TIME OF LATEST TRANSACTION | |
| control field | 20260227111403.0 |
| 008 - FIXED-LENGTH DATA ELEMENTS--GENERAL INFORMATION | |
| fixed length control field | 781005s1955 sduab b 000 0 eng c |
| 010 ## - LIBRARY OF CONGRESS CONTROL NUMBER | |
| LC control number | gs 55000333 |
| 035 ## - SYSTEM CONTROL NUMBER | |
| System control number | (OCoLC)4265364 |
| 040 ## - CATALOGING SOURCE | |
| Original cataloging agency | U.S. Geol. Survey. Libr. |
| Transcribing agency | UU |
| Modifying agency | OCoLC |
| -- | DLC |
| 042 ## - AUTHENTICATION CODE | |
| Authentication code | premarc |
| 050 00 - LIBRARY OF CONGRESS CALL NUMBER | |
| Classification number | GB1025.S8 |
| Item number | E7 |
| 082 ## - DEWEY DECIMAL CLASSIFICATION NUMBER | |
| Classification number | 551.49 |
| 100 1# - MAIN ENTRY--PERSONAL NAME | |
| Personal name | Erickson, Harold D. |
| 245 10 - TITLE STATEMENT | |
| Title | Artesian conditions in northeastern South Dakota. |
| 260 ## - PUBLICATION, DISTRIBUTION, ETC. | |
| Place of publication, distribution, etc. | Vermillion, |
| Name of publisher, distributor, etc. | University of South Dakota, |
| Date of publication, distribution, etc. | 1955. |
| 300 ## - PHYSICAL DESCRIPTION | |
| Extent | 39 p. |
| Other physical details | maps (3 fold. in pocket) tables. |
| Dimensions | 28 cm. |
| 490 1# - SERIES STATEMENT | |
| Series statement | South Dakota Geological Survey. Report of investigations, |
| Volume/sequential designation | no. 77 |
| 504 ## - BIBLIOGRAPHY, ETC. NOTE | |
| Bibliography, etc. note | Bibliography: p. 39. |
| 650 #0 - SUBJECT ADDED ENTRY--TOPICAL TERM | |
| Topical term or geographic name entry element | Artesian wells |
| Geographic subdivision | South Dakota. |
| 650 #0 - SUBJECT ADDED ENTRY--TOPICAL TERM | |
| Topical term or geographic name entry element | Water-supply |
| Geographic subdivision | South Dakota. |
| 650 #0 - SUBJECT ADDED ENTRY--TOPICAL TERM | |
| Topical term or geographic name entry element | Geology |
| Geographic subdivision | South Dakota. |
| 830 #0 - SERIES ADDED ENTRY--UNIFORM TITLE | |
| Uniform title | Report of investigations (South Dakota Geological Survey) ; |
| Volume/sequential designation | no. 77. |
No items available.